| 000 | 00362pab a2200133 454500 | ||
|---|---|---|---|
| 008 | 180718b xxu||||| |||| 00| 0 eng d | ||
| 100 | _aSingh, Man Mohan | ||
| 245 | _aAmbedkar: the relentless Crusader | ||
| 650 | _a Ambedkar, B.R | ||
| 650 | _a Critism and Interpretation | ||
| 650 | _aAmbedkar, B.R. - Criticism and Interpretation | ||
| 773 | _aYojana | ||
| 909 | _a872 | ||
| 999 |
_c872 _d872 |
||